|
|
|
|
| LEADER |
00718 a2200205 4500 |
| 008 |
160812b xxu||||| |||| 00| 0 eng d |
| 020 |
|
|
|a 9781412969666
|
| 082 |
|
|
|a 305.26
|
| 100 |
|
|
|a Moody, Harry R
|
| 245 |
|
|
|a Aging :
|b concepts and controversies /
|c Harry R Moody
|
| 250 |
|
|
|a 6th ed.
|
| 260 |
|
|
|b Pine Forge press
|c 2010
|a Los Angeles
|
| 300 |
|
|
|a xxxi,503p. :
|b ill. ;
|c 23cm.
|
| 500 |
|
|
|a Includes references and index.
|
| 650 |
|
|
|a Gerontology
|
| 650 |
|
|
|a Aging--Social aspects
|
| 650 |
|
|
|a Older people--Care
|
| 942 |
|
|
|2 ddc
|c BK
|
| 999 |
|
|
|c 111110
|d 111110
|
| 952 |
|
|
|0 0
|1 0
|4 0
|6 305_260000000000000_MOO_A
|7 0
|9 115526
|a UL
|b UL
|c ST1
|d 2015-06-26
|e 2
|g 5214.37
|l 5
|m 3
|o 305.26 MOO/A
|p 93912
|r 2021-09-22
|s 2021-07-07
|v 6952.50
|y BK
|